000 00646nam a22002171 4500
008
090 _aTA194 ANT
100 1 _aAntill, James M.
245 1 0 _aCritical path methods in construction practice
_c[by] James M. Antill [and] Ronald W. Woodhead.
260 _aNew York,
_bWiley
_c[1965]
300 _ax, 276 p.
_billus.
_c24 cm.
650 0 _aCritical path analysis.
650 0 _aEngineering
_xManagement.
700 1 _aWoodhead, Ronald W
907 _a.b10069136
_b05-02-07
_c17-04-03
003
005 20230123134348.0
040 _cNUST
049 _aMAIN
942 _cBOOKS
_kTA194 ANT
999 _c164599
_d164599